00683nam a2200181Ia 4500008004100000020001500041041001200056082001100068100001600079245011100095260003900206300000800245650001400253700001300267942000700280999001500287952019900302221030s9999 xx 000 0 und d a8131719916 aEnglish a105.23 aA. K. Shuja 0aIBM Rational Unified Process Reference & Certification Guide - Solution Designercby A. K. Shuja, J. Krebs bPearson EdcuationaNew Delhic2008 a307 aComputers aJ. Krebs cBK c9629d9629 pM 2075g300.00l1o105.23 eGifted by JD MIETr2024-06-10 00:00:00s2023-04-07w2022-10-30yBK003Print4070aMIETLIBbMIETLIBcBL-Academic Block A, FL-1, CUP-83, SH-5, R-5d2011-09-1910HMCA